|
|
|
|
| LEADER |
00000nam0a2200000 4500 |
| 001 |
25205 |
| 005 |
20231030200832.0 |
| 010 |
|
|
|a 5288014094
|
| 035 |
|
|
|a (RuTPU)RU\TPU\book\25441
|
| 035 |
|
|
|a BOOK00025516
|
| 090 |
|
|
|a 25205
|
| 100 |
|
|
|a 20011209d1996 m y0rusy50 ca
|
| 101 |
0 |
|
|a rus
|
| 102 |
|
|
|a RU
|
| 105 |
|
|
|a y j 001zy
|
| 200 |
1 |
|
|a Операторные методы теории линейной фильтрации случайных процессов
|e учебное пособие для вузов
|f В. Н. Фомин
|
| 210 |
|
|
|a СПб.
|c Изд-во СПбГУ
|d 1996
|
| 215 |
|
|
|a 306 с.
|
| 320 |
|
|
|a Библиогр.: с. 286-296.
|
| 320 |
|
|
|a Предм. указ.: с. 297-300.
|
| 610 |
1 |
|
|a математика
|
| 610 |
1 |
|
|a случайные процессы
|
| 610 |
1 |
|
|a линейная фильтрация
|
| 610 |
1 |
|
|a операторные методы
|
| 610 |
1 |
|
|a рекуррентная фильтрация
|
| 610 |
1 |
|
|a леммы
|
| 610 |
1 |
|
|a теоремы
|
| 610 |
1 |
|
|a доказательства
|
| 610 |
1 |
|
|a учебные пособия
|
| 675 |
|
|
|a 519.216(075.8)
|v 3
|
| 700 |
|
1 |
|a Фомин
|b В. Н.
|g Владимир Николаевич
|
| 801 |
|
0 |
|a RU
|b 63413507
|c 20011209
|g PSBO
|
| 801 |
|
2 |
|a RU
|b 63413507
|c 20060614
|g PSBO
|
| 942 |
|
|
|c BK
|